00941nam a22001697a 4500008004100000020001800041050002300059100001900082245004800101260003600149300002200185500003500207505038000242942001200622999001600634952012100650160517b xxu||||| |||| 00| 0 eng d a9780973305180 aHF5635.J64 (vol.1) aJoffe, Neville aKey accounting principles. /cNeville Joffe aToronto:bAME Learning:cc2008. axvi,498p.:bill.; aIncludes appendix and glossary aContents: Personal accounting-part 1 -- Personal accounting-part 2 -- Linking personal to business -- Bookkeeping -- Accounting in business -- Setting up a merchandise company -- Operating a company-revenue -- Operating a company-expenses -- The cash flow statement -- Financial analysis -- Additional material -- Additional material continued -- IFRS -- Appendix -- Glossary 2lcccBK c5939d13439 00102lcc4070aWIUC-1bWIUC-1cREFd2016-05-17l0oHF5635.J64p8083/045/16r2016-05-17 00:00:00t1w2016-05-17yBK